00805nam a2200193 a 450000100100000000500170001000800410002704000250006804100230009310000350011624501310015126000360028230000440031871000460036270000420040871000390045095201050048999900170059400004523520260305073952.0150212s1982 dr c 000 0 spa d aDO-SdBNPbspacBNPHU17aspabenghfrahale1 aMoya Pons, Frank,d1944-9209513aLa República Dominicana. /ctextos Frank Moya Pons, Socidad Dominicana de Bibliofilos; fotografía Pier Giorgio Sclarandis. aSanto Domingo :bT.R.P.,c1982. aVarias paginación :bretrs. ;c34 cm.1 aSociedad Dominicana de Bibliofilos9348031 aSclarandis, Pier Giorgioefot.9732541 aTourist Research & Planning973255 0010718PDaPDbPDcHDd2015-02-12iLF1l0o p45235-10r2020-06-25w2020-06-25yLFPDZNo se presta c44724d44724